It looks like you're offline.
Open Library logo
additional options menu

MARC record from Internet Archive

LEADER: 03880cam a22005774a 4500
001 ocn730406462
003 OCoLC
005 20180717100512.0
008 120216s2012 flua b 000 0 eng
010 $a2012005055
020 $a9780892541706$q(alk. paper)
020 $a0892541709$q(alk. paper)
035 $a(OCoLC)730406462
037 $bRed Wheel/Weiser, Po Box 612, York Beach, ME, USA, 03910$nSAN 202-9588
040 $aDLC$beng$cDLC$dIG#$dBTCTA$dBDX$dJTH$dCDX$dYDXCP$dOCLCF$dOCLCO$dOCLCQ$dOCL$dDAD$dSFR$dUtOrBLW
042 $apcc
043 $ae-gx---$aaw-----$as------
049 $aSFRA
050 00 $aDD247.H5$bL395 2012
082 00 $a940.53/145$223
092 $a940.5314$bL5763r
100 1 $aLevenda, Peter.
245 10 $aRatline :$bSoviet spies, Nazi priests, and the disappearance of Adolf Hitler /$cPeter Levenda.
260 $aLake Worth, FL :$bIbis Press a division of Nicolas- Hays, Inc.,$c2012.
300 $a255 pages, 8 pages of plates :$billustrations ;$c24 cm
336 $atext$btxt$2rdacontent
337 $aunmediated$bn$2rdamedia
338 $avolume$bnc$2rdacarrier
504 $aIncludes bibliographical references (pages 251-255).
520 $aRatline is the documented history about the mechanisms by which thousands of other Nazi war criminals fled to the remotest parts of the globe--including quite possibly Adolf Hitler. It is a story involving Soviet spies, Nazi priests, and a network of Catholic monasteries and safe houses known as the rat line. The name of one priest in particular, Monsignor Draganovic, was discovered by the author in a diary found in Indonesia. Why would this name turn up in a document written in a spidery German hand in a remote island in Indonesia? As famed author Peter Levenda began his research, more information came to light: In December of 2009, it was revealed that the skull the Russians claimed was Hitler's--salvaged from the bunker in 1945--was not that of Hitler! In 2010, files from the Office of Special Investigations of the Justice Department were declassified, revealing a history of American intelligence providing cover for Nazi war criminals. The mystery deepened, and the author returned to his own roots hunting Nazis in North America, South America and Europe. He revisited old contacts, made some new ones, and gradually the explosive story was revealed: there is no forensic evidence to prove that Adolf Hitler died in the bunker in April 1945!
505 0 $aThe official story -- Wandering ghosts -- The monastery route -- The land of living dangerously -- The German doctor -- The ratline -- God is great -- Flight -- The mystery deepens -- The disappearance of Adolf Hitler.
600 10 $aHitler, Adolf,$d1889-1945$xExile.
650 0 $aWar criminals$zGermany$xHistory$y20th century.
650 0 $aFugitives from justice$zGermany$xHistory$y20th century.
650 0 $aNazis$zMiddle East$xHistory.
650 0 $aNazis$zSouth America$xHistory.
656 0 $aConspiracy theories.
907 $a.b35666080$b11-16-18$c05-04-18
998 $axgc$b06-21-18$cm$da $e-$feng$gflu$h0$i0
907 $a.b35666080$b06-28-18$c05-04-18
938 $aBrodart$bBROD$n13042378$c$26.95
938 $aBaker and Taylor$bBTCP$nBK0009877316
938 $aCoutts Information Services$bCOUT$n19806547
938 $aIngram$bINGR$n9780892541706
938 $aYBP Library Services$bYANK$n7312856
980 $a0618 kl ls
998 $axgc$b06-21-18$cm$da$e-$feng$gflu$h0$i0
994 $aC0$bSFR
999 $yMARS
945 $a940.5314$bL5763r$d - - $e08-26-2018 15:48$f0$g0$h11-14-18$i31223125607086$j503$0999$k - - $lxgcci$o-$p$26.95$q-$r-$s- $t0$u1$v3$w1$x0$y.i95586647$z07-25-18
945 $a940.5314$bL5763r$d - - $e11-17-2018 14:49$f0$g0$h12-19-18$i31223125607094$j321$0800$k - - $lxgcci$o-$p$26.95$q-$r-$s- $t0$u2$v1$w2$x0$y.i95586659$z07-25-18